000 00618nam a2200229Ia 4500
003 OSt
005 20220923224826.0
006 a|||||r|||| 00| 0
007 ta
008 Pun
024 _a251,394
037 _cTextual
040 _aARTS
_cARTS
_bPun
041 _2Pun
_aPun
082 _aO153,1NUDx, M7
100 _aਉਦਾਸੀ, ਸੰਤ ਹਾਮ
_9156265
245 0 _aਕੰਮੀਆਂ ਦਾ ਵਿਹੜਾ
260 _c1987
650 _aਪੰਜਾਬੀ ਸਾਹਿਤ
942 _hO153,1NUDx, M7
_cTEXL
_2CC
999 _c373909
_d373909